000 00636nam a2200265Ia 4500
005 20260306163430.0
008 008 260114s9999 xx 000 0 eng d
020 _a9780262323994
037 _aEBOOK
040 _aCRL
040 _beng
040 _cCRL
041 _2eng
041 _aeng
084 _qCRL
100 _aFried, Rutishauser, Cerf, Kreiman
_91128605
245 0 _aSingle Neuron Studies Of The Human Brain
260 _bThe MIT Press
260 _c2015
650 _aNeuroscience
856 _uhttps://academic.oup.com/book/20158
942 _cEBOOK
999 _c1710082
_d1710082